00749nam a22002417a 450000500170000001000110001702000100002803500110003803700160004904000120006508200130007710000280009024500580011826000370017627000120021330000200022550000510024565000260029665000260032294200220034899900190037095201180038920170124110040.0 a214262 c00.00 a214262 bCen Lib/Ret aDPLbEN a881bHOG aHoggart, Richard923446 aAuden :cby Richard Hoggart ban introductory essay / aLondon bChatto & Windus c1961  bLondon  a256p.c20cm(Hb) aIncludes bibliographical references and index  aGreek poetry 9102285 aAuden' poetry 923448 2ddccENh881mHOG c128452d128452 00104070aLbLd2015-07-02eCen Lib/Retg0.00l0o881 HOGp214262r2015-07-02 00:00:00t1v0.00w2015-07-02yEN